Catálogo
 En Linea

VII congreso asociación de lingüística y filología de América Latina (ALFAL): (Registro nro. 55641)

Detalles MARC
000 -CABECERA
campo de control de longitud fija 01268nam a2200253 i 4500
003 - IDENTIFICADOR DEL NÚMERO DE CONTROL
campo de control DO-SdBNP
005 - FECHA Y HORA DE LA ÚLTIMA TRANSACCIÓN
campo de control 20231227131917.0
006 - CÓDIGOS DE INFORMACIÓN DE LONGITUD FIJA--CARACTERÍSTICAS DEL MATERIAL ADICIONAL
campo de control de longitud fija a||||gr|||| 00| 0
007 - CAMPO FIJO DE DESCRIPCIÓN FÍSICA--INFORMACIÓN GENERAL
campo de control de longitud fija ta
008 - DATOS DE LONGITUD FIJA--INFORMACIÓN GENERAL
campo de control de longitud fija 231227e1984 dr ad||| |||| 00| 0 spa d
040 ## - FUENTE DE LA CATALOGACIÓN
Centro catalogador/agencia de origen DO-SdBNP
Lengua de catalogación spa
Centro/agencia transcriptor BNPHU
Normas de descripción rda
082 #4 - NÚMERO DE LA CLASIFICACIÓN DECIMAL DEWEY
Número de edición 22
Número de clasificación 468
Número de documento/Ítem C749i
111 #2 - ENTRADA PRINCIPAL--NOMBRE DE CONGRESO/REUNIÓN
Nombre de congreso/reunión o jurisdicción como elemento de entrada Congreso Asociación de Lingüística y Filología de América Latina (ALFAL)
Número del congreso/reunión o número de parte o sección (7mo :
Fecha del congreso/reunión 1984 :
Sede del congreso/Lugar de la reunión Santo Domingo, República Dominicana)
9 (RLIN) 84747
245 10 - MENCIÓN DE TÍTULO
Título VII congreso asociación de lingüística y filología de América Latina (ALFAL):
Resto del título homenaje a Pedro Henríquez Ureña. programa
246 #1 - FORMA VARIANTE DE TÍTULO
Título propio/Titulo breve Séptimo congreso asociación de lingüística y filología de América Latina (ALFAL):
Resto del título homenaje a Pedro Henríquez Ureña.
246 #3 - FORMA VARIANTE DE TÍTULO
Título propio/Titulo breve Programa séptimo congreso asociación de lingüística y filología de América Latina (ALFAL):
Resto del título homenaje a Pedro Henríquez Ureña.
264 #1 - PRODUCCIÓN, PUBLICACIÓN, DISTRIBUCIÓN, FABRICACIÓN Y COPYRIGHT
Producción, publicación, distribución, fabricación y copyright Santo Domingo :
Nombre del de productor, editor, distribuidor, fabricante Secretaría de Estado de Educación, Bellas Artes y Cultos,
-- Universidad Autónoma de Santo Domingo (UASD),
Fecha de producción, publicación, distribución, fabricación o copyright 1984
300 ## - DESCRIPCIÓN FÍSICA
Extensión 20 páginas :
Dimensiones Ilustraciones, gráficas ;
Otras características físicas 27 cm.
336 ## - TIPO DE CONTENIDO
Fuente rdacontent
Término de tipo de contenido texto
Código de tipo de contenido txt
337 ## - TIPO DE MEDIO
Fuente rdamedia
Nombre/término del tipo de medio sinmediación
Código del tipo de medio n
338 ## - TIPO DE SOPORTE
Fuente rdacarrier
Nombre/término del tipo de soporte volumen
Código del tipo de soporte nc
590 ## - NOTA LOCAL (RLIN)
Nota local Inventariado 2023 / MF
942 ## - ELEMENTOS DE PUNTO DE ACCESO ADICIONAL (KOHA)
Fuente del sistema de clasificación o colocación Dewey Decimal Classification
Tipo de ítem Koha Folleto
Existencias
Estado de retiro Estado de pérdida Fuente del sistema de clasificación o colocación Restricciones de uso No para préstamo Código de colección Localización permanente Ubicación/localización actual Ubicación en estantería Fecha de adquisición Fuente de adquisición Total de préstamos Signatura topográfica completa Código de barras Fecha visto por última vez Precio válido a partir de Tipo de ítem Koha
    Dewey Decimal Classification Excluido de préstamo   Dominicana Folletos Biblioteca Nacional Pedro Henríquez Ureña Biblioteca Nacional Pedro Henríquez Ureña En catalogación 27.12.2014 Donado por Barbara Suncar   468 C749i 2023-8451 27.12.2023 27.12.2023 Folleto

Con tecnología Koha